Statistiche per Stemmi Squadre di calcio - UEFA - Quiz n°25

Clicka qui per fare il quiz!

Statistiche generali

  • Questo quiz è stato fatto 30 volte
  • Il punteggio medio è 9 su 10

Statistiche sulle risposte

Risposta% Corretto
Associazione Calcio Monza
100%
Liverpool Football Club
100%
Malmö Fotbollförening
100%
West Bromwich Albion Football Club
100%
Deportivo Alavés
96%
Nogometni Klub Maribor
96%
Sport-Club Freiburg
96%
Futbol'nyj Klub Zenit Sankt-Peterburg
92%
Athlītikos Podosfairikos Omilos Ellīnōn Leukōsias
58%
Karlsruher Sport-Club Mühlburg-Phönix
27%

Distribuzione punteggi

Percentile per numero di risposta

Percentuale di utenti per punteggio

I tuoi punteggi nel tempo

Non hai fatto questo quiz